| 000 | 01533fam a2200229 a 4500 | ||
|---|---|---|---|
| 020 | _a0131234803 | ||
| 082 | 0 | 0 |
_a624.183412 _bNAW _cL-39, P-50 |
| 100 | 1 |
_aNawy, Edward G. _923340 |
|
| 245 | 1 | 0 |
_aPrestressed concrete : _ba fundamental approach / _cEdward G. Nawy. |
| 250 | _a2nd ed. | ||
| 260 |
_aEnglewood Cliffs, NJ : _bPrentice Hall, _c1995. |
||
| 300 |
_axxiii, 789 p. : _bill. ; _c24 cm. |
||
| 490 | 1 | _aPrentice-Hall international series in civil engineering and engineering mechanics | |
| 520 | _aWritten by a national and international expert on concrete structures and materials, this second edition of Prestressed Concrete reflects the very latest ACI 318-95 Code provisions and brings you the author's many years of professional and academic know-how. | ||
| 520 | 8 | _aIt includes, for the first time, example solutions in SI Units as well as lists of the ACI equations in SI format. | |
| 520 | 8 | _aThis book is different from most because its major topics of material behavior, prestress loss, flexure, shear and torsion, and deflection-camber are sequentially self-contained and can be covered in one semester at the senior and the graduate levels. In addition, it is the only book that closely uses and follows procedures given in numerous flowcharts that simplify the understanding and application of the subject in design. | |
| 526 |
_a0 _b0 _c0 _d624_183412000000000_NAW |
||
| 650 | 0 |
_aMCE _9379 |
|
| 650 | 0 |
_aPrestressed concrete construction. _920245 |
|
| 650 | 0 |
_aPrestressed concrete. _923341 |
|
| 942 |
_2ddc _cBK |
||
| 999 |
_c547074 _d547074 |
||